000 00699nam a2200217 4500
003 OSt
005 20240730080328.0
006 a
008 240730b |||||||| |||| 00| 0 eng d
020 _a9780805863404
040 _aDWCL-Main lib.
_cOC
082 _aCirc. 372.35044 Ab139d 2010
100 _aAbell, Sandra K.
245 _aDesigning and teaching the elementary science methods course /
260 _aN.Y. :
_bRoutledge,
_cc2010.
300 _axi,
_b308 p. : ill. ;
_c23 cm.
504 _aIncludes bibliographical references & index.
650 _a1. Science-Study and teaching(elementary).
650 _a2. Science teachers-In-service training.
942 _2ddc
_n0
_cBK-CIRC
_kCirc.
999 _c2985
_d2985